Normal view
MARC view
- ENVIRONMENTAL-aspects
Entry Topical Term
001 - CONTROL NUMBER
- control field: 3294
003 - CONTROL NUMBER IDENTIFIER
- control field: JO-AjAnu
005 - DATE AND TIME OF LATEST TRANSACTION
- control field: 20230606070837.0
008 - FIXED-LENGTH DATA ELEMENTS
- fixed length control field: 230606|| aca||aabn | a|a d
040 ## - CATALOGING SOURCE
- Original cataloging agency: JO-AjAnu
- Transcribing agency: JO-AjAnu
150 ## - HEADING--TOPICAL TERM
- Topical term or geographic name entry element: ENVIRONMENTAL-aspects
670 ## - SOURCE DATA FOUND
- Source citation: Work cat.: (JO-AjAnu)1722: Epstein,Marc J, author 3293, MEASURING CORPORATE ENVIRONMENTAL PERFORMANCE:Best Practices for Costing and Managing an Effective Environmental Strategy